000 01150nam a2200301 a 4500
001 64913
003 BD-RJUL
005 20211209081352.0
008 000121s1999 ii ab b 000 0 eng d
020 _a8120816420
035 _a(BD-RJUL)65043
040 _aFDA
_cFDA
_dBD-RJUL
_beng
041 1 _aeng
082 _223
_a955.05
_bFAR 1995
100 1 _aFardūst, Ḥusayn,
_d1917 or 1918-1987.
_9192436
245 1 4 _aThe rise and fall of the Pahlavi Dynasty :
_bmemoirs of former General Hussein Fardust ; translated and annotated by Ali Akbar Dareini.
246 3 0 _aMemoirs of former General Hussein Fardust
250 _a1st ed.
260 _aDelhi :
_bMotilal Banarsidass Publishers Private Ltd.,
_cc1995
300 _axxii, 554 p. :
_bill. ;
_c22 cm.
504 _aIncludes bibliographical references.
600 0 0 _aMohammad Reza Pahlavi,
_cShah of Iran,
_d1919-1980.
_9192437
600 1 0 _aFardūst, Ḥusayn,
_d1917 or 1918-1987.
_9192436
651 0 _aIran
_xHistory
_yQajar dynasty, 1794-1925.
_9192438
651 0 _aIran
_xHistory
_yPahlavi dynasty, 1925-1979.
_9192439
651 0 _aIran
_xHistory
_y20th century.
_9192440
942 _2ddc
_cBK
999 _c64913
_d64913